000 00369nam a22001337a 4500
005 20260216123806.0
008 260216b |||||||| |||| 00| 0 eng d
020 _a978-93-82716-98-3
050 _aBL 1285 .845 .P73
245 _aTHE JOURNEY OF SELF-DISCOVERY
260 _aMumbai , India
_bThe Bhaktivedanta Book Trust
_c1980
300 _a294pages
942 _2lcc
_cBK
999 _c216583
_d216583